Philippe Dodard / (Record no. 12335)

MARC details
000 -LEADER
campo de control de longitud fija 01071cam a2200301 a 4500
001 - NÚMERO DE CONTROL
campo de control 40943
005 - FECHA Y HORA DE LA ÚLTIMA TRANSACCIÓN
campo de control 20230410101711.0
008 - DATOS DE LONGITUD FIJA--INFORMACIÓN GENERAL
campo de control de longitud fija 940823s1993 ht a bc 000 0 fre
010 ## - NÚMERO DE CONTROL DE LA BIBLIOTECA DEL CONGRESO
Número de control de LC 94200094
035 ## - NÚMERO DE CONTROL DEL SISTEMA
Número de control de sistema (OCoLC)ocm31608963
040 ## - FUENTE DE CATALOGACIÓN
Centro catalogador/agencia de origen DLC
Centro/agencia transcriptor DLC
Centro/agencia modificador OCLCQ
035 ## - NÚMERO DE CONTROL DEL SISTEMA
Número de control de sistema (OCoLC)31608963
050 14 - SIGNATURA TOPOGRÁFICA DE LA BIBLIOTECA DEL CONGRESO
Número de clasificación 110 N 6608
Número de ítem D638p 1993
082 00 - NÚMERO DE LA CLASIFICACIÓN DECIMAL DEWEY
Número de clasificación 709/.2
100 1# - ENTRADA PRINCIPAL--NOMBRE DE PERSONA
Nombre de persona Dodard, Philippe,
Fechas asociadas al nombre 1954-
245 10 - MENCIÓN DEL TÍTULO
Título Philippe Dodard /
Mención de responsabilidad, etc. preface, Michele Frisch ; avantpropos, Jean-Claude Garoute ; introduction, Rodney Saint-Eloi ; textes de support, Gerald Alexis ... [et al.].
260 ## - PUBLICACIÓN, DISTRIBUCIÓN, ETC.
Lugar de publicación, distribución, etc. [Porte-au-Prince, Haiti?] :
Nombre del editor, distribuidor, etc. Collection Galerie Marassa,
Fecha de publicación, distribución, etc. [1993?]
300 ## - DESCRIPCIÓN FÍSICA
Extensión 120 p. :
Otras características físicas ill. (some col.) ;
Dimensiones 20 x 23 cm.
500 ## - NOTA GENERAL
Nota general "Soir d'encrier": p. [55]-[113].
504 ## - NOTA DE BIBLIOGRAFÍA, ETC.
Nota de bibliografía, etc. Includes bibliographical references (p. 120).
600 10 - PUNTO DE ACCESO ADICIONAL DE MATERIA--NOMBRE DE PERSONA
Nombre de persona Dodard, Philippe,
Fechas asociadas al nombre 1954-
Subdivisión de forma Catalogs.
650 #4 - PUNTO DE ACCESO ADICIONAL DE MATERIA--TÉRMINO DE MATERIA
Término de materia o nombre geográfico como elemento de entrada CEH
650 #4 - PUNTO DE ACCESO ADICIONAL DE MATERIA--TÉRMINO DE MATERIA
Término de materia o nombre geográfico como elemento de entrada Coleccion Estudios Haitianos
700 1# - ENTRADA AGREGADA--NOMBRE PERSONAL
Nombre de persona Alexis, Gerald.
700 12 - ENTRADA AGREGADA--NOMBRE PERSONAL
Nombre de persona Dodard, Philippe,
Fechas asociadas al nombre 1954-
Título de la obra Soir d'encrier.
942 ## - ELEMENTOS DE ENTRADA SECUNDARIOS (KOHA)
Fuente del sistema de clasificación o colocación Clasificación de Library of Congress
Tipo de ítem Koha
994 ## -
-- C0
-- DRFGD
Holdings
Estatus retirado Estado de pérdida Fuente del sistema de clasificación o colocación Estado de daño No para préstamo Colección Biblioteca de origen Biblioteca actual Ubicación en estantería Fecha de adquisición Serial enumeration / chronology Signatura topográfica completa Código de barras Visto por última vez Copia número Tipo de ítem Koha
    Clasificación de Library of Congress     Recursos Regionales Biblioteca Juan Bosch Biblioteca Juan Bosch Recursos Regionales (2do. Piso) 10/04/2023 1 110 N 6608 D638p 1993 00000041949 23/10/2018 1